LEADER 00894cam2 2200241 450 001 E600200050589 005 20200513113342.0 100 $a20090623d1930 |||||ita|0103 ba 101 $aita 102 $aIT 200 1 $a1$eOrdinamento del Congresso$eRendiconti delle Adunanze, Testi delle Relazioni e Comunicazioni presentate alle Sezioni Riunite 210 $aNapoli$cs. e.$d1930 - VIII 215 $a272 p.$c7 c. geogr. f.t.$d25 cm 461 1$1001E600200050576$12000 $aAtti dello XI Congresso Geografico Italiano : Tenuto a Napoli, 22-29 aprile 1930 801 0$aIT$bUNISOB$c20200513$gRICA 850 $aUNISOB 852 $aUNISOB$j910$m5190 912 $aE600200050589 940 $aM 102 Monografia moderna SBN 941 $aM 957 $a910$b000103$i-1$gSi$d5190$racquisto$1pregresso2$2UNISOB$3UNISOB$420090623085345.0$520200513113321.0$6Alfano 996 $a1$961339 997 $aUNISOB